Normal view
MARC view
- Ahmed, Hannia
Entry Personal Name
001 - CONTROL NUMBER
- control field: 35227
003 - CONTROL NUMBER IDENTIFIER
- control field: NUST
005 - DATE AND TIME OF LATEST TRANSACTION
- control field: 20201112152743.0
008 - FIXED-LENGTH DATA ELEMENTS
- fixed length control field: 201112|| aca||aabn | a|a d
040 ## - CATALOGING SOURCE
- Original cataloging agency: NUST
- Transcribing agency: NUST
100 ## - HEADING--PERSONAL NAME
- Personal name: Ahmed, Hannia
670 ## - SOURCE DATA FOUND
- Source citation: Work cat.: (NUST): Ahmed, Hannia, An Improved Content Based Image Retrival Technique /, 2017
